000 00851cam a2200229 4500
001 WB3734-01
008 010912n2001 000 0 eng u
035 _a(Sirsi) u114549
245 _aCouncils act early
260 _c2001
490 _aProperty Week
_v66(36) 7 September 2001, 25(1)
520 _aLocal authorities are starting to submit their surplus property to auction, prompted by government directed reviews of their property porfolios. Colliers CRE has responded by sending out brochures detailing the financial benefits of selling commercial ground leases at auction.
590 _aWB
650 _aLOCAL AUTHORITIES
650 _aAuctioneering
_96218
650 _aPROPERTY VALUE
650 _aINVESTMENT PROPERTY
650 _aOPERATIONAL PROPERTY
650 _aGROUND RENTS
690 _aAuctioneering
_96218
942 _n0
999 _c68251
_d68251